Posłowie IX kadencji - Statystyki

Ogólne statystyki
  • Ten quiz został rozwiązany 3 razy
  • Średni wynik to 4 z 15
Statystyki odpowiedzi
Klub/Koło Naziwsko % Poprawnych
PiS Adamczyk Andrzej
67%
PiS Ast Marek
67%
PiS Adamczyk Rafał
33%
KO Adamowicz Piotr
33%
Lewica Ajchler Romuald
33%
PiS Andzel Waldemar
33%
KO Aniśko Tomasz
33%
PiS Babalski Zbigniew
33%
PiS Babinetz Piotr
33%
PiS Bartosik Ryszard
33%
PiS Andruszkiewicz Adam
0%
PiS Ardanowksi Jan
0%
PiS Arent Iwona
0%
KO Augustyn Urszula
0%
KO Aziewicz Tadeusz
0%
Nie znaleziono quizów pasujących do podanych kryteriów
Rozkład punktacji
Procent ludzi z każdym wynikiem
Percentyl według liczby udzielonych odpowiedzi
Twoja historia wyników
Nie rozwiązałeś tego quizu